[Event "Lansing op"]
[Site "Lansing"]
[Date "2004.09.06"]
[Round "6"]
[White "Payne, Ashlee"]
[Black "Vriesman, Michael"]
[Result "1/2-1/2"]
[WhiteElo "1242"]
[BlackElo "994"]
[PlyCount "94"]
[EventDate "2004.09.03"]
[EventType "swiss"]
[EventRounds "7"]
[EventCountry "USA"]
[SourceTitle "EXT 2007"]
[Source "ChessBase"]
[SourceDate "2006.11.23"]
[SourceVersion "1"]
[SourceVersionDate "2006.11.23"]
[SourceQuality "1"]

1. d4 d5 2. Bf4 e6 3. Nc3 c5 4. e4 Nc6 5. dxc5 Bxc5 6. exd5 exd5 7. Qxd5 Qxd5 8. Nxd5 Bb6 9. Bb5 Bd7 10. Nf3 Nge7 11. Nxe7 Nxe7 12. Bxd7+ Kxd7 13. 0-0 Ng6 14. Ne5+ Nxe5 15. Bxe5 f6 16. Rad1+ Kc6 17. Bf4 g5 18. Bg3 Bc5 19. Rfe1 Rhe8 20. Rxe8 Rxe8 21. Kf1 h5 22. h4 Re4 23. hxg5 fxg5 24. Rd3 Rc4 25. c3 a5 26. f3 Bf8 27. b3 Rc5 28. Bf2 Rd5 29. Rxd5 Kxd5 30. Ke2 b5 31. Kd3 Bc5 32. Be1 Ke5 33. Bd2 g4 34. Ke2 Kf5 35. Be1 Kf4 36. g3+ Kf5 37. Bd2 Ke5 38. fxg4 hxg4 39. Kd3 Kd5 40. c4+ bxc4+ 41. bxc4+ Kc6 42. Bxa5 Bf2 43. Ke4 Bxg3 44. Kf5 Bh4 45. Kxg4 Be7 46. a4 Kc5 47. Be1 Bd8 1/2-1/2

[Event "Lansing op"]
[Site "Lansing"]
[Date "2004.09.06"]
[Round "7"]
[White "Vriesman, Michael"]
[Black "Higgins, Richard"]
[Result "1-0"]
[WhiteElo "994"]
[BlackElo "1046"]
[PlyCount "59"]
[EventDate "2004.09.03"]
[EventType "swiss"]
[EventRounds "7"]
[EventCountry "USA"]
[SourceTitle "EXT 2007"]
[Source "ChessBase"]
[SourceDate "2006.11.23"]
[SourceVersion "1"]
[SourceVersionDate "2006.11.23"]
[SourceQuality "1"]

1. d4 d5 2. Nf3 e6 3. e3 c6 4. Bd3 Nf6 5. Nbd2 Nbd7 6. 0-0 Bd6 7. e4 dxe4 8. Nxe4 Qc7 9. Nxd6+ Qxd6 10. Re1 0-0 11. Bg5 b6 12. Qd2 Bb7 13. c3 h6 14. Bh4 Rad8 15. Bg3 Qe7 16. Rad1 c5 17. Nh4 Nh5 18. Re3 Nb8 19. Bg6 Nxg3 20. fxg3 Qd7 21. Bh5 cxd4 22. Rd3 e5 23. cxd4 e4 24. Re3 g5 25. Be2 gxh4 26. gxh4 f5 27. Bh5 Kh8 28. Rg3 Qe6 29. Rg6 Rf6 30. Qxh6# 1-0